Posición y funciones del servicio del personal en la empresa

Kaydedildi:
Detaylı Bibliyografya
Müşterek Yazar: OIT (Yazar)
Materyal Türü: Kitap
Dil:İspanyolca
Baskı/Yayın Bilgisi: Ginebra Oficina Internacional del Trabajo 1960
Seri Bilgileri:Relaciones de Trabajo, 7
Konular:
Etiketler: Etiketle
Etiket eklenmemiş, İlk siz ekleyin!

MARC

LEADER 00000nam a2200000 a 4500
001 UCS2744
003 CL-VaPUC
008 970604e19600000SZ |||||||||||||||||spa|d
082 0 4 |a 658.3  |b OIT  |2 21 
110 2 |a OIT  |e author  |9 388525 
245 1 0 |a Posición y funciones del servicio del personal en la empresa 
300 |a 241 p 
942 |c BK 
945 |d 19970604 00:00:00  |a lriquelm 
260 |a Ginebra  |b Oficina Internacional del Trabajo  |c 1960 
650 0 |a Relaciones laborales   |9 335971 
650 0 |a Administración del personal  |9 260442 
650 7 |a SERVICIO DEL PERSONAL  |2 CL-VaPUC  |9 388526 
583 |a last modification  |c 19970604 00:00:00  |k Rodrigo Vera 
490 0 |a Relaciones de Trabajo, 7 
999 |c 260682  |d 260680 
952 |0 0  |1 0  |4 0  |6 658_300000000000000_OIT_1960  |7 0  |8 P  |9 286962  |a BIBDER  |b BIBDER  |d 2019-11-19  |i 1863754  |o 658.3 OIT 1960  |p 1863754  |r 2023-01-25  |w 2019-11-19  |y BK  |k DER